Practical electrical network automation and communication systems /
In the past automation of the power network was a very specialized area but recently due to deregulation and privatization the area has become of a great importance because companies require more information and communication to minimize costs, reduce workforce and minimize errors in order to make a...
| Main Author: | |
|---|---|
| Format: | eBook |
| Language: | English |
| Published: |
Oxford ; Burlington, MA :
Newnes,
2003.
|
| Series: | Practical professional books from Elsevier.
|
| Subjects: | |
| Online Access: | Connect to the full text of this electronic book Publisher description Table of contents |
MARC
| Tag | First Indicator | Second Indicator | Subfields |
|---|---|---|---|
| LEADER | 00000cam a2200000Ia 4500 | ||
| 001 | in00002425700 | ||
| 005 | 20190327171553.0 | ||
| 006 | m d | ||
| 007 | cr cn||||||||| | ||
| 008 | 070806s2003 enka sb 001 0 eng d | ||
| 020 | |a 9780750658010 | ||
| 020 | |a 0750658010 | ||
| 035 | |a (OCoLC)ocn162590770 | ||
| 035 | |a (OCoLC)162590770 | ||
| 037 | |a 96262:96262 |b Elsevier Science & Technology |n http://www.sciencedirect.com | ||
| 040 | |a OPELS |c OPELS |d UtOrBLW | ||
| 049 | |a TEFA | ||
| 050 | 1 | 4 | |a TK3226 |b .S835 2003eb |
| 082 | 0 | 4 | |a 621.3192 |2 22 |
| 100 | 1 | |a Strauss, Cobus. | |
| 245 | 1 | 0 | |a Practical electrical network automation and communication systems / |c Cobus Strauss. |
| 264 | 1 | |a Oxford ; |a Burlington, MA : |b Newnes, |c 2003. | |
| 300 | |a ix, 200 pages : |b illustrations ; |c 27 cm. | ||
| 336 | |a text |b txt |2 rdacontent | ||
| 337 | |a computer |b c |2 rdamedia | ||
| 338 | |a online resource |b cr |2 rdacarrier | ||
| 490 | 1 | |a Practical professional books from Elsevier | |
| 533 | |a Electronic reproduction. |b Amsterdam : |c Elsevier Science & Technology, |d 2007. |n Mode of access: World Wide Web. |n System requirements: Web browser. |n Title from title screen (viewed on Aug. 2, 2007). |n Access may be restricted to users at subscribing institutions. | ||
| 520 | |a In the past automation of the power network was a very specialized area but recently due to deregulation and privatization the area has become of a great importance because companies require more information and communication to minimize costs, reduce workforce and minimize errors in order to make a profit. * Covers engineering requirements and business implications of this cutting-edge and ever-evolving field * Provides a unique insight into a fast-emerging and growing market that has become and will continue to evolve into one of leading communication technologies * Written in a practical manner to help readers handle the transformation from the old analog environment to the modern digital communications-based one. | ||
| 505 | 0 | |a Introduction to Power System Automation; Historical Development of Power System Automation; Overview of Power Networks; Fundamentals of Electrical Protection; Remote Substation Access and Local Intelligence; Data Communications; Communication Protocols; SCADA Systems; Communications in Power System Automation; Power System Automation Architectures; Power System Automation Systems on the Market; Practical Considerations; The Internet. | |
| 500 | |a Includes bibliographical references (pages 192-193) and index. | ||
| 500 | |a Electronic resource. | ||
| 650 | 0 | |a Electric networks. | |
| 655 | 7 | |a Electronic books. |2 local | |
| 730 | 0 | |a Referex. | |
| 776 | 1 | |c Original |z 0750658010 |z 9780750658010 |w (DLC) 2005299221 |w (OCoLC)51527173 | |
| 830 | 0 | |a Practical professional books from Elsevier. | |
| 856 | 4 | 0 | |u http://proxy.library.tamu.edu/login?url=http://www.sciencedirect.com/science/book/9780750658010 |z Connect to the full text of this electronic book |t 0 |
| 856 | 4 | 2 | |3 Publisher description |u http://www.loc.gov/catdir/enhancements/fy0627/2005299221-d.html |t 0 |
| 856 | 4 | 2 | |3 Table of contents |u http://www.loc.gov/catdir/enhancements/fy0627/2005299221-t.html |t 0 |
| 994 | |a C0 |b TEF | ||
| 999 | |a MARS | ||
| 999 | f | f | |s edda8eb7-3488-3524-9a96-707f272c8272 |i 58c58b89-fd4b-3b2d-bfda-a5810f14af08 |t 0 |
| 952 | f | f | |a Texas A&M University |b College Station |c Electronic Resources |d Available Online |t 0 |e TK3226 .S835 2003eb |h Library of Congress classification |
| 998 | f | f | |a TK3226 .S835 2003eb |t 0 |l Available Online |